Návrh monitorovania priemyselnej siete

Na minha lista:
Detalhes bibliográficos
Autor principal: Michalka, Martin (Author)
Outros Autores: Špendla, Lukáš (Thesis advisor)
Formato: Manuscrito Livro
Idioma:eslovaco
Publicado em: 2017
Assuntos:
Acesso em linha:http://is.stuba.sk/zp/portal_zp.pl?podrobnosti=126245
Tags: Adicionar Tag
Sem tags, seja o primeiro a adicionar uma tag!

MARC

LEADER 00000ntm a22000003a 4500
001 stuzp60877
003 SK-STU
005 20170610210344.7
007 ta
008 150427s2015----xo-----f-mn---000-0-slo-d
040 |a STU  |b slo 
041 0 |a slo 
100 1 |a Michalka, Martin  |u 066000  |k Z4  |4 aut  |U MTF Materiálovotechnologická fakulta  |T MTF Ústav aplikovanej informatiky, automatizácie a mechatroniky  |X 46780  |U M6000  |Y 86  |7 46780 
242 0 1 |a Design for monitoring of industrial network  |y eng 
245 1 0 |a Návrh monitorovania priemyselnej siete 
260 |c 2017 
650 4 |a SNMP  |2 slo 
650 4 |a MIB  |2 slo 
650 4 |a Zabbix  |2 slo 
650 4 |a priemyselná sieť  |2 slo 
650 4 |a PLC  |2 slo 
650 4 |a Siemens  |2 slo 
650 4 |a monitorovanie  |2 slo 
650 4 |a MIB  |2 eng 
650 4 |a Zabbix  |2 eng 
650 4 |a SNMP  |2 eng 
650 4 |a industrial network  |2 eng 
650 4 |a PLC  |2 eng 
650 4 |a Siemens  |2 eng 
650 4 |a monitoring  |2 eng 
700 1 |a Špendla, Lukáš  |u 066000  |k Z1  |4 ths  |U MTF Materiálovotechnologická fakulta  |T MTF Ústav aplikovanej informatiky, automatizácie a mechatroniky  |X 52333  |U M6000  |Y 86  |7 A000052333 
856 4 |u http://is.stuba.sk/zp/portal_zp.pl?podrobnosti=126245 
996 |c M* DP-13350  |l MMSKP  |s P  |a 0  |w stuzp60877_0001